Uchrániť umenie Rozhovor s umeleckým vedúcim SKO Bohdanom Warchalom

Bibliographic Details
Main Authors: Warchal, Bohdan, 1930-2000 (Author), Gľonda, Michal, 1948-2002 (Author)
Format: Article
Language:Slovak
Subjects:

MARC

LEADER 00000nab a2200000 a 4500
001 vtls000407440
003 SK-MaSNL
005 20260304015426.0
008 120924c1991 xo 0 slo
015 |a SNBRB19rr/mm-uuuuu 
035 |a CL0407564 
040 |a SNKBUCL  |b slo  |c SNKBUCL  |e AACR2 
041 0 |a slo 
044 |a xo  |c SK 
080 |a 78.071.20:785.7  |2 1981 
080 |a 785.7  |2 1981 
100 1 |a Warchal, Bohdan,  |d 1930-2000  |4 aut  |9 99647 
245 1 0 |a Uchrániť umenie  |b Rozhovor s umeleckým vedúcim SKO Bohdanom Warchalom  |c Bohdan Warchal, Michal Glonda ; Michal Gľonda 
610 2 7 |a Slovenská filharmónia  |2 snkbucl  |9 145774 
651 7 |a 5100  |2 snkbucl  |9 166206 
655 7 |a články z novín a časopisov  |2 snkbucl  |9 267496 
700 1 |a Gľonda, Michal,  |d 1948-2002  |4 aut  |9 37501 
773 0 |t Slovenský národ  |g Roč. 2, č. 3 (1991), s. 11 
850 |a Slovenská národná knižnica v Martine  |a MTA001 
852 |a SNK  |b KIS3GCP 
958 |a RK 
992 |a RBX 
999 |c 2591418  |d 2593348